[Event "Biel MTO op"]
[Site "Biel"]
[Date "2003.07.29"]
[Round "8"]
[White "Avrukh, Boris"]
[Black "Karjakin, Sergey"]
[Result "1-0"]
[WhiteElo "2557"]
[BlackElo "2560"]
[Annotator "Avrukh,B"]
[PlyCount "61"]
[EventDate "2003.07.19"]
[EventType "swiss"]
[EventRounds "11"]
[EventCountry "SUI"]
[SourceTitle "CBM 095 Extra"]
[Source "ChessBase"]
[SourceDate "2003.09.04"]
[SourceVersion "1"]
[SourceVersionDate "2003.09.04"]
[SourceQuality "1"]

{This game was really a big challenge for me. First of all we had a very big
group of players with 5.5 points out of seven and every win was critical and
secondly my very young opponent was a real superstar, and I feel always a
little bit uncomfortable playing against those guys.} 1. d4 d5 2. c4 dxc4 {
Usually a main weapon of my opponent with black against d4.} 3. e3 Nf6 4. Bxc4
e6 5. Nf3 c5 6. O-O a6 7. Bb3 b5 8. a4 b4 9. a5 {Normally after this move the
play switches to main line with 9.Nbd2, but I had a different plan on my mind.}
(9. Nbd2) 9... Bb7 (9... Be7 {deserve serious attention}) 10. Ba4+ (10. Nbd2 {
is more popular}) 10... Nbd7 11. e4 $5 $146 {This move is already my original
novelty. Using the fact, that it's very dangerous for black to take on e4,
white's idea is not to waste time for Nbd2, trying to seize the initiative,
untill black's king in the center.} ({Previously was played:} 11. Ne5 Qc7 12.
e4 cxd4 (12... Bxe4 $2 13. Bg5 $16 {1-0 Bets,A-Maly,A/Kharkov 2000/EXT 2001 
(30)}) 13. Bf4 Bd6 14. Qxd4 O-O {with complications 1/2-1/2 Georgiev,V-Ganguly,
S/Bled 2002/EXT 2003 (59)}) 11... Qc7 $1 {A very strong idea, black is aiming
to make long castle.} (11... Bxe4 $143 12. Ne5 Be7 13. dxc5 $1 $16 (13. Nxd7
Nxd7 14. Qg4 Bxb1 $1 15. Rxb1 O-O $17)) (11... Be7 $143 12. d5 exd5 13. exd5
Bxd5 14. Ne5 $36) 12. Bg5 $2 ({Much more to the point was:} 12. Ne5 $142 cxd4 (
12... Bd6 13. Nxd7 Nxd7 14. e5 Be7 15. Qg4 $36) 13. Nxd7 (13. Bf4 {see
Georgiev-Ganguly game}) 13... Nxd7 14. Qxd4 O-O-O 15. Be3 $1 $36 {[%cal Gf1c1]}
) 12... Nxe4 $1 {Now it's a different story, since my bishop is hanging on g5.}
(12... O-O-O $143 13. Nbd2 {and white arranged his piecies well} (13. e5 $2
Nxe5 14. Nxe5 Rxd4 15. Qe2 Re4 $19)) 13. Ne5 Nxg5 14. Bxd7+ Ke7 $1 ({Very
dangerous looks} 14... Kd8 15. f4 (15. dxc5 $2 Qxe5 16. c6 Bd6 {[%csl Gh2]} 17.
f4 Nh3+ $1 18. gxh3 Qc5+ 19. Rf2 Bxc6 20. Bxc6 Qxc6 $19 {[%cal Gd8e7]}) (15.
Ba4 $5 Bd6 16. dxc5 Qxc5 17. Nc4 Ke7 18. Nxd6 Qxd6 19. Qg4 $44 {with idea Rd1})
15... f6 (15... cxd4 16. Nd2 $36 {[%cal Ga1c1]}) 16. fxg5 fxe5 17. Bxe6 exd4
18. Rf7 Be7 19. Qe2 $36 {[%cal Gb1d2,Gd2c4]}) 15. f4 ({Nothing is:} 15. Qc1 f6
16. Bc6 Bxc6 17. Qxc5+ Ke8 18. Qxc6+ Qxc6 19. Nxc6 Rc8 $17) ({or} 15. Qh5 $2 f6
16. Ba4 cxd4 17. Ng6+ hxg6 18. Qxh8 Qf4 $1 {with decisive attack}) 15... Ne4 $2
({Here probably Karjakin missed the best defence} 15... f6 $1 16. fxg5 fxe5 17.
Bxe6 {During the game I was intending to go for this piece sacrifice, but
Fritz shows that black has nothing to worry about.} (17. Ba4 g6 $1 {with next
Bg7 and black is just winning} (17... Rd8 $143 18. Nd2 Rxd4 19. Qe2 {with some
compensation})) 17... Kxe6 18. Qg4+ (18. dxe5 $2 Rd8 19. Qg4+ Ke7 20. e6 Qc6
$19) 18... Ke7 19. Nd2 {During the game I thought, that this position should
be dangerous for black, but Fritz shows:} (19. dxe5 Qxe5 20. Nd2 Qd4+ $1 $19) (
19. g6 Kd8 $1) 19... Qd6 $1 {after which I failed to find any sufficient
attacking ideas for white, for example:} (19... cxd4 20. Rac1) 20. Nf3 ({or} 
20. Qf5 Qd5 $1 21. Rf2 e4 $1) 20... e4 21. Nh4 g6 $19) 16. Nd2 $1 {It took me
almost 20 minutes to understand, that I need quickly to change black's knight
in order to have good attacking chances.} (16. f5 $143 cxd4 17. Qxd4 (17. fxe6
Qxe5 18. Rxf7+ Kd8) 17... f6 18. Qxb4+ Kd8 19. Nf7+ Kxd7) 16... Nxd2 (16... f6
$143 17. Qg4 {[%csl Ge6]} Qd6 18. Ndc4 $1 Qxd4+ 19. Kh1 f5 20. Qe2 $16 {
[%cal Ga1d1]}) 17. Qxd2 Rd8 (17... Qd6 18. f5 Qxd4+ 19. Qxd4 cxd4 20. fxe6 fxe6
21. Rf7+ Kd6 22. Nc4+ $18) (17... f6 18. f5 exf5 $8 (18... fxe5 19. fxe6 Kd8
20. Qg5+ Be7 21. Qxg7 {and white wins}) 19. Ba4 $1 (19. Rae1 fxe5 $19) 19...
Be4 20. Nf3 $44 {[%csl Ge7] and white has very dangerous initiative}) 18. f5 $1
{Now I was quite happy with my position, my rook starts to play along the
f-file and the black king is still in the center, but in fact even here black
has enough defensive resources.} Rxd7 19. fxe6 Qxe5 $2 ({It's very difficult
to believe, that after} 19... Rxd4 20. Rxf7+ Kxe6 21. Qxd4 $1 Qxf7 $1 {black
holds the position} 22. Qc4+ $1 (22. Qe3 Qf5 23. Re1 Qe4) 22... Bd5 23. Qe2 $1
{now very imortant, that the a6-pawn is hanging.} Qf4 24. Re1 (24. Ng6+ $2 Qe4
25. Qxe4+ Bxe4 26. Nxh8 c4 $19) 24... Qd4+ 25. Kh1 Qe4 26. Qxa6+ Kxe5 27. Rxe4+
Bxe4 28. Qc8 $11) 20. Rxf7+ $2 {It's very difficult to believe, that this
logical move is a mistake.} (20. exd7 $142 $1 Qd5 $1 (20... Qxd4+ 21. Qxd4 cxd4
22. Rxf7+ Kd8 23. Re1 Bc5 24. Re8+ $1 Rxe8 25. dxe8=Q+ Kxe8 26. Rxb7 $18) 21.
Rae1+ Kxd7 22. Re5 $1 Qxd4+ (22... Qc4 23. dxc5+ Kc7 24. Rc1 $1 Qg4 25. Re8 $18
) 23. Qxd4+ cxd4 24. Rxf7+ Kc6 25. Re8 $18 {I found this line during my
calculations, but unfortunately I thought that 20.Rf7 should be easier.}) 20...
Kxe6 21. Rxd7 Qe4 $2 {Karjakin played this move very quickly and probably
missed my next move.} ({Unbelievably but} 21... Qb8 $3 {still saves the game}
22. dxc5 Bxc5+ 23. Kh1 Bxg2+ $3 24. Kxg2 Bd6 $3 {We both missed this fantastic
idea} (24... Qa8+ 25. Kg3 Qb8+ 26. Kh3 $18) 25. Rxg7 (25. Rxd6+ Qxd6 26. Qe3+
Kf6 27. Rf1+ Kg6 28. Qe4+ Kh6 {and white cannot win here}) 25... Qa8+ 26. Kh3
Qf3+ 27. Kh4 Qf6+ 28. Rg5 (28. Qg5 $143 $2 Qf2+ 29. Kh5 (29. Kh3 Qxh2+) 29...
Rf8 $1 {[%cal Gf8f5] even losing}) 28... h6 29. Qd5+ Ke7 30. Re1+ Kd8 31. Qa8+
Kd7 32. Qb7+ Kd8 33. Qb6+ Kd7 $11) 22. Rd8 $1 $18 {[%csl Ge6] Now it's all
over black is hopeless with his king under fire} Kf6 23. Re1 $1 (23. Rf1+ Kg6
24. Rfxf8 $18) 23... Qh4 24. Qe2 $1 Kg5 (24... Kg6 25. Qe6+ Qf6 26. Qg4+ Kh6
27. Re6) 25. Qe6 {[%cal Ge1e5]} g6 26. g3 $1 {Now black is losing his queen.}
Qg4 27. Re5+ Qf5 28. Rxf5+ gxf5 29. Rxf8 $1 Rxf8 30. Qe7+ Rf6 31. h4+ $1 (31.
h4+ Kg6 32. h5+ Kg5 33. Qg7+) 1-0

[Event "Moscow5"]
[Site "Moscow"]
[Date "1995.??.??"]
[Round "8"]
[White "Guliev, Sarhan"]
[Black "Gorelov, Sergey G"]
[Result "1/2-1/2"]
[WhiteElo "2495"]
[BlackElo "2490"]
[Annotator "Baburin,A"]
[PlyCount "64"]
[EventDate "1995.??.??"]
[EventType "tourn"]
[EventRounds "11"]
[EventCountry "RUS"]
[EventCategory "10"]
[SourceTitle "CBM 049"]
[Source "ChessBase"]
[SourceDate "1995.12.01"]
[SourceVersion "1"]
[SourceVersionDate "1995.12.01"]
[SourceQuality "1"]

1. d4 d5 2. c4 dxc4 3. Nf3 a6 4. e3 Nf6 5. Bxc4 e6 6. O-O c5 7. a4 Nc6 8. Qe2
cxd4 9. Rd1 Be7 10. exd4 O-O 11. Nc3 Nd5 12. Ne4 (12. Ne5 Nxc3 13. bxc3 Nxe5
14. dxe5 Qc7 $132) (12. Qe4) (12. Bd3 Ncb4 13. Bb1 b6) 12... Ncb4 13. h4 {
[#]This is quite an unusual plan, but it's not easy for White to succeed on
the K-side, as his light squared Bishop cannot be brought onto the b1-h7
diagonal.} b6 14. h5 h6 15. Ne5 Bb7 16. Bd2 f5 {This move is rather typical
for this pawn formation, usually it stops White's attack effectively. The
e6-pawn finds good shelter behind the e5-Knight; usually it's even better for
Black, if the white QB is on the b1-h7 diagonal, then f7-f5 just kills it.} 17.
Nc3 Bf6 18. Nxd5 Nxd5 19. Ng6 Re8 20. Bf4 Kh7 21. Bh2 Qd7 22. Ne5 Qe7 23. Rac1
Bg5 24. Bxd5 Bxd5 25. Ng6 Qb4 26. Rc7 Rec8 27. Qc2 Rxc7 28. Qxc7 Qxa4 29. Re1
Qb4 30. Be5 Qxe1+ 31. Kh2 Rg8 32. Nf8+ Kh8 1/2-1/2

[Event "Katrineholm"]
[Site "Katrineholm"]
[Date "1995.??.??"]
[Round "?"]
[White "Akesson, Ralf"]
[Black "Hartman, Christer"]
[Result "1-0"]
[WhiteElo "2500"]
[BlackElo "2350"]
[Annotator "Baburin,A"]
[PlyCount "196"]
[EventDate "1995.04.??"]
[EventType "tourn"]
[EventRounds "9"]
[EventCountry "SWE"]
[EventCategory "9"]
[SourceTitle "CBM 049"]
[Source "ChessBase"]
[SourceDate "1995.12.01"]
[SourceVersion "1"]
[SourceVersionDate "1995.12.01"]
[SourceQuality "1"]

1. d4 {Giese} d5 2. c4 dxc4 3. Nf3 Nf6 4. e3 e6 5. Bxc4 c5 6. O-O a6 7. Bd3
cxd4 8. exd4 Be7 9. Nc3 b5 10. a3 Bb7 11. Bc2 O-O 12. Qd3 Nbd7 13. Re1 Re8 14.
Bf4 g6 15. Bg3 Nh5 {[#]Black was playing well and obtained a promising
position. Perhaps his last move was not the best, although it's quite playable.
I think the white dark squared Bishop is not such a valuable piece, that Black
should not waste time exchanging it.} (15... Nb6 $5) 16. Rad1 Nxg3 17. hxg3 Nf6
18. Bb3 Bf8 19. Ne5 Bg7 20. g4 $1 Rc8 21. Qh3 Rc7 22. g5 Nd5 23. Ne4 {White is
getting very active on the Kingside.} Nf4 24. Qh2 Bxe4 25. Rxe4 Nd5 26. Nf3 Rd7
27. Rh4 Ne7 28. Rxh7 Nf5 29. g4 {[%csl Rf5,Rg7][%cal Gh2h8] +/-/(+-)} Nxd4 (
29... Ne7 {Giese} 30. Kg2 $1 {[%cal Yd1h1,Yh7g7,Yh2h6]} Nd5 31. Rxg7+ Kxg7 32.
Qh6+ Kg8 33. Rh1 Nf4+ 34. Kf1 Nh5 35. gxh5 $18) 30. Rxg7+ Kxg7 31. Rxd4 (31.
Qe5+ {Giese} f6 32. gxf6+ Qxf6 33. Qxf6+ {_|_ +/-/(+-)}) 31... Rxd4 32. Qe5+ f6
33. Qxd4 Qxd4 34. Nxd4 $18 {_|_ +/-/(+-)} fxg5 35. Kf1 e5 36. Ne6+ Kf6 37. Nc5
Rd8 38. Ke2 a5 39. Nb7 Rd4 40. Nxa5 Rxg4 41. Bc2 Rg1 42. Nb3 g4 43. Nd2 Ke6 44.
Nf1 Kd5 45. Bxg6 Kd4 46. Ng3 b4 47. axb4 Kc4 48. Bf5 Kxb4 49. Bxg4 Rb1 50. Kd3
Rxb2 51. Ne4 Rb3+ 52. Ke2 Ra3 53. Be6 Ra6 54. Bf5 Ra3 55. Be6 Ra6 56. Bf5 Ra3
57. Kf1 Kc4 58. Kg2 Kd4 59. Ng3 Ra2 60. Be4 Ra3 61. Bf3 Ra7 62. Nf5+ Kd3 63.
Kg3 Ra4 64. Bg2 Rf4 65. Bf1+ Kd2 66. Ne3 Ke1 67. f3 Ra4 68. Bb5 Ra5 69. Bd3 Ra8
70. Nc4 Rg8+ 71. Kh4 Kf2 72. Nxe5 Ke3 73. Be4 Re8 74. Ng4+ Kf4 75. Nf6 Rh8+ 76.
Nh5+ Ke3 77. Kg4 Rf8 78. Bd5 Kd4 79. Nf4 Ke3 80. Ng6 Rf6 81. Nh4 Kd4 82. Be4
Ke5 83. Kg5 Rb6 84. Ng6+ Kd4 85. Bf5 Ke3 86. f4 Rb2 87. Bg4 Ke4 88. f5 Rb5 89.
Nh4 Ke5 90. f6 Kd6+ 91. Bf5 Rb7 92. Kg6 Ke5 93. Nf3+ Kf4 94. Ng5 Ke5 95. f7 Rb8
96. Ne6 Ra8 97. f8=Q Rxf8 98. Nxf8 Kd4 1-0

[Event "Capablanca Memorial Elite 34th"]
[Site "Havana"]
[Date "1999.05.13"]
[Round "6"]
[White "Baburin, Alexander"]
[Black "Godena, Michele"]
[Result "1-0"]
[WhiteElo "2586"]
[BlackElo "2552"]
[Annotator "Baburin,A"]
[PlyCount "59"]
[EventDate "1999.05.??"]
[EventType "tourn"]
[EventRounds "13"]
[EventCountry "CUB"]
[EventCategory "12"]
[SourceTitle "CBM 071"]
[Source "ChessBase"]
[SourceDate "1999.08.01"]
[SourceVersion "1"]
[SourceVersionDate "1999.08.01"]
[SourceQuality "1"]

1. d4 d5 2. c4 c6 3. e3 Nf6 4. Bd3 e6 5. Nf3 dxc4 6. Bxc4 c5 7. O-O a6 8. Bd3
b6 9. dxc5 Bxc5 10. a3 Bb7 11. b4 Be7 12. Bb2 O-O 13. Qe2 Nbd7 14. Nbd2 a5 15.
bxa5 Rxa5 16. Bb5 Qb8 17. a4 Ra7 18. Rfd1 Ba8 19. Nc4 Rc8 20. Nfe5 Nc5 21. f3
Nxa4 $1 {This exchange operation gives Black equality.} (21... Bd5 22. e4 Bxc4
23. Nxc4 $16) (21... Bf8 22. Bd4 Bd5 23. e4 Bxc4 24. Nxc4 Nb3 25. Be5 $14) 22.
Rxa4 Rxa4 23. Bxa4 b5 24. Nd7 Nxd7 25. Rxd7 Rxc4 26. Rxe7 Rxa4 27. Qd2 Rc4 $4
$138 ({Black had to play} 27... Bc6 $1 {It's hard to make such a move in a
time-trouble, as after} 28. Qc3 {White attacks both g7 and c6. However, after}
Qf8 {Black defends everything and emerges a pawn up after} 29. Rc7 Rc4 30. Rc8
Rxc3 31. Rxf8+ Kxf8 32. Bxc3 {although of course this endgame is drawn.}) {
[%tqu "En","How would you continue?","You should target the enemy king, using
your active rook on the seventh rank.","White should uncover Black's king and
use both your queen and bishop in the attack. In some lines he can exploit
unprotected position of Black's queen.","e7f7","This gives White access to g7.
Rooks go to the 7th rank to be sacrificed there! :)",5,"e7d7","This move is
also good, provided that you see that you can sacrifice on f7 later!",5]} 28.
Rxf7 $1 (28. Rd7 $1 Rc8 29. Be5 Qb6 30. Rxf7 $1 $18) 28... Rc7 (28... Kxf7 29.
Qd7+ Kf8 (29... Kg6 30. Qxg7+ Kh5 31. g4+ Rxg4+ 32. Qxg4+ Kh6 33. Bg7#) 30.
Qxg7+ Ke8 31. Qg8+ Kd7 32. Qxb8) 29. Rd7 $1 Bd5 $2 (29... Rxd7 30. Qxd7 e5 31.
Qe6+ Kh8 32. Qe7 $18) 30. Be5 1-0

[Event "Capablanca Memorial Elite 54th"]
[Site "Havana"]
[Date "2019.05.04"]
[Round "2"]
[White "Adhiban, Baskaran"]
[Black "Albornoz Cabrera, Carlos Daniel"]
[Result "1-0"]
[WhiteElo "2701"]
[BlackElo "2566"]
[Annotator "Baskaran,Adhiban"]
[PlyCount "45"]
[EventDate "2019.05.03"]
[EventType "tourn"]
[EventRounds "10"]
[EventCountry "CUB"]
[EventCategory "16"]
[SourceTitle "CBM 190 Extra"]
[Source "ChessBase"]
[SourceDate "2019.07.15"]
[SourceVersion "1"]
[SourceVersionDate "2019.07.15"]
[SourceQuality "1"]

{[%evp 0,45,29,-11,4,-12,-1,-1,-18,-2,9,11,55,42,50,50,24,-16,-23,12,57,50,57,
62,88,120,120,92,92,72,79,119,137,137,195,149,241,233,193,101,101,334,334,328,
194,210,207,206] To be honest in this game, what happened in the game and what
I wanted were so far from the truth :).} 1. c4 Nf6 2. Nc3 e6 3. Nf3 d5 4. e3 c5
5. d4 {Now finally we have some clarity, we have ended up in QGD type
structures.} dxc4 6. Bxc4 a6 {Well, it's QGA eventually!} 7. O-O b5 8. Bb3 Bb7
9. e4 {The main try in this position.} Nxe4 10. Nxe4 Bxe4 11. Re1 ({I spent
quite some time trying to decode} 11. Bg5 Be7 12. Bxe7 Qxe7 13. Re1 Bxf3 14.
Qxf3 Ra7 {but in the end I felt Black wasn't risking much here and he can
castle soon.}) 11... Bd5 12. dxc5 $1 Bxb3 13. Qxb3 Nd7 (13... Bxc5 {is
strongly met by} 14. Qc3 $1 Qb6 (14... Nd7 15. Bg5 $1 Qb6 16. Qxg7 Bxf2+ 17.
Kh1 ({The tempting} 17. Kf1 Rf8 18. Rxe6+ $5 Qxe6 19. Kxf2 Nc5 {is not clear.})
17... Rf8 18. Red1 {looks bad for Black.}) 15. Qxg7 Bxf2+ 16. Kh1 $1 Rf8 17.
Rd1 {with clear advantage due to the difference in king's safety.}) 14. Bg5 $1
{Going for the gold!} ({Another good possibility was} 14. Be3) 14... Nxc5 (
14... Be7 15. Rad1 $1 Bxg5 16. c6 {looks bad.}) 15. Qc3 Qd3 (15... f6 16. Rad1
{Bring all your pieces!} Qc8 (16... Qc7 17. b4) 17. b4 $1 (17. Bxf6 gxf6 18.
Qxf6 Rg8 {is not clear.} 19. Ng5 Ra7 20. Nxe6 Nxe6 21. Rxe6+ Re7 {gives
Fischer-Tal vibes...}) 17... Na4 (17... fxg5 18. bxc5 {with a ruthless attack.}
) 18. Qb3 Kf7 {would allow the epic finisher with} (18... fxg5 19. Rxe6+ Be7
20. Ne5 {winning.}) 19. Rc1 $1 (19. Rxe6 Qc4 $1) 19... Qd7 20. Rxe6 Qxe6 21.
Rc7+ Be7 22. Ne5+ fxe5 23. Rxe7+ {wins.}) 16. Qa5 $1 (16. Qe5 {is met by the
funny queen dance with} Qd6 $1 (16... f6 17. Bxf6 gxf6 18. Qxf6 Rg8 19. Rxe6+ {
wins.}) 17. Qe2 Qd3 {and I eventually have to go to c3-a5.}) 16... f6 {What
else?} 17. Rad1 Qf5 (17... Qg6 {would run into} 18. Qc7 Be7 19. Ne5 {Epic
geometry!}) 18. Qc7 Be7 19. Nd4 $5 {This looked cleanest.} Qxg5 20. Nxe6 Nxe6
21. Qc6+ $1 Kf7 (21... Kf8 22. Qxa8+ Kf7 23. Qxh8 {wins.}) 22. Qxe6+ Kg6 23.
Rd5 {My favourite moment about this game was when I read somewhere that I
played like Alekhine at the Capablanca memorial! Quite proud of that!} (23. Rd5
Qf4 $8 (23... Qh4 24. Qf5+ Kf7 25. Rxe7+ Kxe7 26. Rd7+ Kf8 27. Qe6 {with mate.}
) 24. g3 Qc4 (24... Qc7 25. Qg4+ Kf7 26. Rd7) (24... Qf3 25. Re3) 25. Re4 (25.
Qf5+ Kf7) 25... Qc8 $1 26. Rg4+ Kh6 27. Qe3+ (27. Rh4+ Kg6 28. Rg5+ Kxg5 29.
f4+ Kg6 30. Rg4+ {with only a draw.} (30. f5+ Kg5 31. Qe3+ {was a funny line
which doesn't work.} Kxf5)) 27... g5 28. Qxe7 Qf8 {is not the end...but just
clearly winning after} (28... Qxg4 29. Qxf6+ Kh5 30. Qf7+ Kh6 31. Rd6+) 29. Qe3
) 1-0

[Event "Yerevan op"]
[Site "Yerevan"]
[Date "1996.??.??"]
[Round "6"]
[White "Malaniuk, Vladimir P"]
[Black "Yakovich, Yuri"]
[Result "1-0"]
[WhiteElo "2585"]
[BlackElo "2540"]
[Annotator "Belov,I"]
[PlyCount "47"]
[EventDate "1996.??.??"]
[EventType "swiss"]
[EventRounds "11"]
[EventCountry "ARM"]
[SourceTitle "CBM 052 Extra"]
[Source "ChessBase"]
[SourceDate "1996.07.01"]
[SourceVersion "1"]
[SourceVersionDate "1996.07.01"]
[SourceQuality "1"]

1. d4 d5 2. c4 dxc4 3. e3 e6 4. Bxc4 c5 5. Nf3 a6 6. O-O Nf6 7. Bb3 Nc6 8. Nc3
(8. Qe2 cxd4 (8... b6 9. Rd1 Qc7 10. Nc3 Be7 11. d5 exd5 12. Bxd5 $5 Nxd5 13.
Nxd5 Qb7 14. b3 O-O 15. Bb2 Re8 16. Ne5 Nxe5 17. Bxe5 Bd8 18. Bc3 $14 {Lputian,
S-van Wely,L/Strasbourg/1994/0,5/32/}) 9. Rd1 d3 (9... Be7 10. exd4 O-O 11. Nc3
Na5 12. Bc2 b5 13. Bg5 Bb7 14. Ne5 g6 15. Bh6 Re8 16. a3 $14 {Lerner,
K-Dokhoian,Y/Harkov/1985/1;0/32/}) 10. Rxd3 Qc7 11. Nc3 Bc5 $1 (11... Bd6 12.
e4 Ne5 13. Nxe5 Bxe5 14. f4 Bxf4 15. Bxf4 Qxf4 16. e5 Nd7 17. Rf1 Qxe5 18. Re3
Qd4 19. Rd1 Qa7 20. Ne4 $40 {Yusupov,A-Ivanchuk,V/Riga/1995/0.5/28/}) 12. a3
O-O 13. Bd2 b5 14. Rc1 Qb6 15. e4 Ng4 16. Nd1 Bb7 $10 {Piket,Je-Lautier,J/
Amsterdam/1995/0;1/53/}) 8... Be7 9. dxc5 Qxd1 10. Rxd1 Bxc5 11. Bd2 Bd7 (11...
O-O 12. Rac1 Ba7 13. Be1 Rd8 14. Ne5 Bd7 15. Nxd7 Rxd7 16. Ne4 Rxd1 17. Nxf6+
gxf6 18. Bxd1 $14 {Romanishin,O-Chabanon,J/Bad Endbach/1995/0,5/62/}) 12. Rac1
Na5 $2 (12... Ba7 13. Be1 O-O (13... Ke7 $142) 14. Na4 Rfc8 15. Nc5 Bxc5 16.
Rxc5 Ne7 17. Rxc8+ Rxc8 18. Ne5 Bb5 19. Nc4 $1 $14 {Atalik,S-van der Sterren,P/
Reykjavik/1994/}) 13. Nd5 $1 Nxb3 $8 (13... Nxd5 14. Bxd5 $18) 14. Nc7+ Kd8 15.
axb3 Kxc7 (15... Rc8 16. Rxc5 Rxc7 17. Ba5 $18) 16. Rxc5+ Kb6 (16... Bc6 17.
Nd4 Nd7 18. Ba5+ Kc8 19. Rc2 $16) 17. Rg5 $16 Rhg8 18. Bc3 Bc6 (18... Rad8 19.
Bxf6 gxf6 20. Rxg8 Rxg8 21. Rxd7 $18) 19. Ne5 h6 (19... Be8 20. Nc4+ Kc6 21.
Bxf6 $18) 20. Nc4+ $1 Ka7 (20... Kc7 21. Be5+ Kc8 22. Nb6#) 21. Bd4+ Kb8 $2 (
21... b6 $8 22. Bxb6+ Kb7 23. Rg3 Ne4 24. Rh3 $16) 22. Rg3 $18 Nd7 (22... Ne8
23. Nb6 Ra7 24. Nd7+ Bxd7 25. Bxa7+ Kxa7 26. Rxd7 $18) (22... Ne4 23. Rxg7 Rxg7
24. Bxg7 h5 25. Nb6 $18) 23. Bxg7 h5 24. Rxd7 {[#]} (24. Rxd7 Bxd7 25. Be5+ Ka7
26. Bd4+ b6 27. Nxb6 Rxg3 28. Nxd7+ Kb7 29. hxg3 $18) 1-0